00693nam a2200145 4500008004100000082001500041110014200056245018400198300001000382650002000392650001800412942000700430952009500437999001500532240309b |||||||| |||| 00| 0 eng d a305.4bSRI aSri Lanka, state Ministry of women and child development, pre-schools and primary education, school infrastructure and education services aWomen, peace and security:bSri Lanka's national action plan for the implementation of the UN security council's resolutions on women, peace and security 2022-2026- draft document a74 p. aWOMEN AND PEACE aWomen and war cRP 00102ddc4070aMAINbMAINd2024-03-09l0o305.4 SRIpRAF5186r2024-03-09w2024-03-09yRP c4846d4846